Un Examen de la Escuela: Sistemas y Organizaciones en Europa y en el Mundo /

Obra globalizante sobre la problemática, las características y la evolución de la Escuela en la actualidad. Para ello la autora reune a las naciones en doce grupos y para cada uno indaga la situación y la solución dada a problemas como la expansión educativa, la multiplicación de la educación técnic...

Popoln opis

Shranjeno v:
Bibliografske podrobnosti
Glavni avtor: Gozzer, Giovanni (autor)
Format: Knjiga
Jezik:španščina
Izdano: México : Fondo de Cultura Económica, 1989
Serija:(Sección de Obras de Educación y Pedagogía)
Teme:
Oznake: Označite
Brez oznak, prvi označite!

MARC

LEADER 00000nam^a2200000^a^4500
001 000026782
005 20250521000000.0
009 20260310084744.79
020 |a 968-16-2582-x 
037 |a Acervo ITESO - Biblioteca 
041 |a ESP 
082 |a 371.  |b GOZ 
100 |a Gozzer, Giovanni  |e (autor) 
245 1 3 |a Un Examen de la Escuela: Sistemas y Organizaciones en Europa y en el Mundo /  |c G. Gozzer; tr. por: Ana Ma. Palos. 
264 1 |a México :  |b Fondo de Cultura Económica,  |c 1989 
300 |a 235 p. 
336 |a texto  |b txt  |2 rdacontenido 
337 |a sin mediación  |b n  |2 rdamedio 
338 |a volumen  |b nc  |2 rdasoporte 
440 1 |a (Sección de Obras de Educación y Pedagogía) 
520 |a Obra globalizante sobre la problemática, las características y la evolución de la Escuela en la actualidad. Para ello la autora reune a las naciones en doce grupos y para cada uno indaga la situación y la solución dada a problemas como la expansión educativa, la multiplicación de la educación técnica, los sistemas valorativos, la necesidad de integración de emigrantes heterogéneos en su origen, habla y cultura, etc. 
649 |a XX 
650 |a Educación 
650 |a Sistema Escolar 
910 |a Fondo General 
920 |a Impresos - Libros 
930 |a Colección General 
905 |a 101 
901 |a 0267820100  |b IT1  |c ACC  |i 026782  |u 20250521 
901 |a 0267820200  |b IT1  |c ACC  |i 903911  |u 20250521 
902 |a https://opac.biblio.iteso.mx/vufind/Record/000026782